<?xml version="1.0" encoding="UTF-8"?>
<record
    xmlns:xsi="http://www.w3.org/2001/XMLSchema-instance"
    xsi:schemaLocation="http://www.loc.gov/MARC21/slim http://www.loc.gov/standards/marcxml/schema/MARC21slim.xsd"
    xmlns="http://www.loc.gov/MARC21/slim">

  <leader>01055nam a22002057a 4500</leader>
  <datafield tag="999" ind1=" " ind2=" ">
    <subfield code="c">57750</subfield>
    <subfield code="d">57750</subfield>
  </datafield>
  <controlfield tag="003">Ge_BSU</controlfield>
  <controlfield tag="005">20201022142545.0</controlfield>
  <controlfield tag="008">201022s2006    xxu||||| |||| 00| 0 geo d</controlfield>
  <datafield tag="020" ind1=" " ind2=" ">
    <subfield code="a">9994067249</subfield>
  </datafield>
  <datafield tag="041" ind1=" " ind2=" ">
    <subfield code="a">geo</subfield>
  </datafield>
  <datafield tag="080" ind1=" " ind2=" ">
    <subfield code="a">1+159+330+57+164+93/94(075.8) &#x10E8;-52</subfield>
  </datafield>
  <datafield tag="245" ind1=" " ind2=" ">
    <subfield code="a">&#x10E8;&#x10D4;&#x10E1;&#x10D0;&#x10D5;&#x10D0;&#x10DA;&#x10D8; &#x10D7;&#x10D0;&#x10DC;&#x10D0;&#x10DB;&#x10D4;&#x10D3;&#x10E0;&#x10DD;&#x10D5;&#x10D4; &#x10D0;&#x10D6;&#x10E0;&#x10DD;&#x10D5;&#x10DC;&#x10D4;&#x10D1;&#x10D0;&#x10E8;&#x10D8; :</subfield>
    <subfield code="b">[&#x10D9;&#x10E0;&#x10D4;&#x10D1;&#x10E3;&#x10DA;&#x10D8;]. &#x10EC;. 2   /</subfield>
    <subfield code="c"> [&#x10DB;&#x10D7;&#x10D0;&#x10E0;&#x10D2;&#x10DB;&#x10DC;.: &#x10E4;&#x10D8;&#x10DA;&#x10D8;&#x10DE;&#x10D4; &#x10D2;&#x10DD;&#x10D2;&#x10D8;&#x10E9;&#x10D0;&#x10D8;&#x10E8;&#x10D5;&#x10D8;&#x10DA;&#x10D8; &#x10D3;&#x10D0; &#x10E1;&#x10EE;&#x10D5;.]</subfield>
  </datafield>
  <datafield tag="264" ind1=" " ind2=" ">
    <subfield code="a">&#x10D7;&#x10D1;&#x10D8;&#x10DA;&#x10D8;&#x10E1;&#x10D8; : </subfield>
    <subfield code="b">&#x10D8;. &#x10ED;&#x10D0;&#x10D5;&#x10ED;&#x10D0;&#x10D5;&#x10D0;&#x10EB;&#x10D8;&#x10E1; &#x10E1;&#x10D0;&#x10EE;. &#x10E3;&#x10DC;-&#x10E2;&#x10D8;&#x10E1; &#x10D2;&#x10D0;&#x10DB;-&#x10D1;&#x10D0;,</subfield>
    <subfield code="c">2006.</subfield>
  </datafield>
  <datafield tag="300" ind1=" " ind2=" ">
    <subfield code="a">848 &#x10D2;&#x10D5;. </subfield>
    <subfield code="b"> &#x10DC;&#x10D0;&#x10EE;.</subfield>
    <subfield code="c">27 &#x10E1;&#x10DB;.</subfield>
  </datafield>
  <datafield tag="653" ind1=" " ind2=" ">
    <subfield code="a">&#x10E4;&#x10D8;&#x10DA;&#x10DD;&#x10E1;&#x10DD;&#x10E4;&#x10D8;&#x10D8;&#x10E1; &#x10E1;&#x10D0;&#x10EE;&#x10D4;&#x10DA;&#x10DB;&#x10EB;&#x10E6;&#x10D5;&#x10D0;&#x10DC;&#x10D4;&#x10DA;&#x10DD;&#x10D4;&#x10D1;&#x10D8; &#x10E3;&#x10DB;&#x10D0;&#x10E6;&#x10DA;&#x10D4;&#x10E1;&#x10D8; &#x10E1;&#x10D0;&#x10E1;&#x10EC;&#x10D0;&#x10D5;&#x10DA;&#x10D4;&#x10D1;&#x10DA;&#x10D4;&#x10D1;&#x10D8;&#x10E1;&#x10D0;&#x10D7;&#x10D5;&#x10D8;&#x10E1;.</subfield>
  </datafield>
  <datafield tag="653" ind1=" " ind2=" ">
    <subfield code="a">&#x10DE;&#x10DD;&#x10DA;&#x10D8;&#x10E2;&#x10D8;&#x10D9;&#x10E3;&#x10E0;&#x10D8; &#x10D4;&#x10D9;&#x10DD;&#x10DC;&#x10DD;&#x10DB;&#x10D8;&#x10D0;</subfield>
  </datafield>
  <datafield tag="653" ind1=" " ind2=" ">
    <subfield code="a">&#x10E4;&#x10E1;&#x10D8;&#x10E5;&#x10DD;&#x10DA;&#x10DD;&#x10D2;&#x10D8;&#x10D0;</subfield>
  </datafield>
  <datafield tag="653" ind1=" " ind2=" ">
    <subfield code="a">&#x10D8;&#x10E1;&#x10E2;&#x10DD;&#x10E0;&#x10D8;&#x10D0;</subfield>
  </datafield>
  <datafield tag="942" ind1=" " ind2=" ">
    <subfield code="2">udc</subfield>
    <subfield code="c">BK</subfield>
  </datafield>
  <datafield tag="952" ind1=" " ind2=" ">
    <subfield code="0">0</subfield>
    <subfield code="1">0</subfield>
    <subfield code="2">udc</subfield>
    <subfield code="4">0</subfield>
    <subfield code="6">11593305716493940758_&#x10E8;52</subfield>
    <subfield code="7">0</subfield>
    <subfield code="9">89614</subfield>
    <subfield code="a">CPL</subfield>
    <subfield code="b">CPL</subfield>
    <subfield code="c">GEN</subfield>
    <subfield code="d">2020-10-22</subfield>
    <subfield code="g">30.00</subfield>
    <subfield code="o">1+159+330+57+164+93/94(075.8) &#x10E8;-52</subfield>
    <subfield code="p">29201</subfield>
    <subfield code="r">2020-10-22</subfield>
    <subfield code="t">29201</subfield>
    <subfield code="w">2020-10-22</subfield>
    <subfield code="y">BK</subfield>
    <subfield code="z">30.00</subfield>
  </datafield>
</record>
